Fundamental differences remain (Record no. 121161)

MARC details
000 -LEADER
fixed length control field 00988nas a22002297a 4500
001 - CONTROL NUMBER
control field K121161
007 - PHYSICAL DESCRIPTION FIXED FIELD--GENERAL INFORMATION
fixed length control field ta
008 - FIXED-LENGTH DATA ELEMENTS--GENERAL INFORMATION
fixed length control field 191105b2019 ||||| |||| 00| 0 eng d
041 ## - LANGUAGE CODE
Language code of text/sound track or separate title eng
100 ## - MAIN ENTRY--PERSONAL NAME
Personal author Condie, Alexis
245 ## - TITLE STATEMENT
Title Fundamental differences remain
260 ## - PUBLICATION INFORMATION
Date 2019
490 ## - SERIES TITLE
Series statement Estates Gazette
Volume (1945) 9 November 2019, 52-540(3)
520 ## - ABSTRACT
Abstract Second in a series of four articles looking at the differences between England and Scottish law in relation to commercial leasing Highlights differences in granting of leases, registration, taxation, repairs, maintenance and physical alternations of premises. Looks at assignment of leases, forfeiture and security of tenure.Table lists differences in terminology used. For Part 1 see K121151, Part 3 K121164 and Part 4 K121165..
650 ## - KEYWORDS
Keywords Assignment
650 ## - KEYWORDS
Keywords Forfeiture
650 ## - KEYWORDS
Keywords Taxation
651 ## - SUBJECT ADDED ENTRY--GEOGRAPHIC NAME
Geographic name England and Wales
651 ## - SUBJECT ADDED ENTRY--GEOGRAPHIC NAME
Geographic name Scotland
690 ## - LOCAL SUBJECT ADDED ENTRY--TOPICAL TERM (OCLC, RLIN)
9 (RLIN) 6252
Topical term or geographic name as entry element Landlord and tenant
700 ## - ADDED PERSONAL NAME
Added personal author Dunn, Rachel
Holdings
Withdrawn status Lost status Damaged status Not for loan Home library Current library Shelving location Date acquired Total Checkouts Date last seen Price effective from Koha item type
        London London Journals 19/11/2019   19/11/2019 19/11/2019 Journal article